| 000 | 01194aam a2200313 i 4500 | ||
|---|---|---|---|
| 999 |
_c46071 _d46071 |
||
| 001 | 768714001 | ||
| 003 | CO-MdFUSB | ||
| 005 | 20201027113803.0 | ||
| 007 | ta | ||
| 008 | 200517t1927 enk |||| |||| 00| 0 eng d | ||
| 020 | _a[No incluye ISBN] | ||
| 040 |
_bspa. _aCO-MdFUSB _cCO-MdFUSB _dCO-MdFUSBC _erda |
||
| 041 | _aeng | ||
| 082 |
_223 _a937.08092 _bB947 |
||
| 100 | 1 |
_aBurch, Vacher _eautor |
|
| 245 | 1 | 0 |
_aMyth & Constantine the Great _c/ Vacher Burch |
| 264 | 1 |
_aLondres : _bOxford University Press, _c[1927] |
|
| 264 | 4 | _c© 1927 | |
| 300 |
_a232 páginas _c; 23 cm |
||
| 336 |
_atexto _btxt _2rdacontent |
||
| 337 |
_2rdamedia _asin mediación _bn |
||
| 338 |
_2rdacarrier _avolumen _bnc |
||
| 505 | _aObservaciones generales sobre los mitos más simples de Constantino - Constantino y el bautismo - Constantino y Anthousa - Constantino y el descenso de Claudia - Constantino y la fundación de la ciudad - Constantino y la construcción de las iglesias - Constantino y la convocatoria de los litigantes judíos - Constantine y oratoria | ||
| 563 | _aPasta dura | ||
| 653 | _a Constantino - Emperador romano. | ||
| 942 | _cBK | ||
| 945 | _aJTF-925 | ||